La Ciencia económica y el desarrollo social /
সংরক্ষণ করুন:
| প্রধান লেখক: | |
|---|---|
| বিন্যাস: | পাঠ্য |
| ট্যাগগুলো: |
ট্যাগ যুক্ত করুন
কোনো ট্যাগ নেই, প্রথমজন হিসাবে ট্যাগ করুন!
|
MARC
| LEADER | 00000 a a2200000 04500 | ||
|---|---|---|---|
| 001 | 3131 | ||
| 003 | |||
| 040 | |||
| 100 | |a Fedoséev, Piotr | ||
| 245 | |a La Ciencia económica y el desarrollo social / |c Piotr Fedoséev | ||
| 773 | |g número 1; páginas 43-64 | ||
| 999 | |c 27396 |d 27396 | ||
